Einspruch und Abwehr : die Reaktion des europäischen Judentums auf die Entstehung des Antisemitismus ; (1879 - 1914) / hrsg. von Ulrich Wyrwa
Record details
- ISBN: 978-3-593-39278-3
- Physical Description: 372 S. ; 22 cm
- Publisher: Frankfurt am Main [u.a.] : Campus-Verl., 2010
Content descriptions
| General Note: | Literaturangaben und Index |
Search for related items by series
Available copies
- 1 of 1 copy available at Common Catalog SPOK.
Holds
- 0 current holds with 1 total copy.
Show Only Available Copies
| Location | Call Number / Copy Notes | Barcode | Shelving Location | Status | Due Date |
|---|---|---|---|---|---|
| Terezin Initiative Institute | 6014 | 4594306014 | Knihovna ITI | Available | - |
Electronic resources
Related Resource: http://d-nb.info/1003246052/04
- Inhaltsverzeichnis
| LDR | 07909nam a2201645 i 4500 | ||
|---|---|---|---|
| 001 | 48515 | ||
| 003 | CZ-PrJAB | ||
| 005 | 20221109105426.0 | ||
| 008 | 100603s2010 gw 000 0 ger d | ||
| 020 | . | ‡a978-3-593-39278-3 | |
| 035 | . | ‡a(DE-601)627365094 | |
| 035 | . | ‡a(OCoLC)845767260 | |
| 035 | . | ‡a(DE-576)323763049 | |
| 035 | . | ‡a(DE-599)BSZ323763049 | |
| 040 | . | ‡bger ‡cGBVCP | |
| 041 | 0 | . | ‡ager |
| 245 | 0 | 0. | ‡aEinspruch und Abwehr : ‡bdie Reaktion des europäischen Judentums auf die Entstehung des Antisemitismus ; (1879 - 1914) / ‡chrsg. von Ulrich Wyrwa |
| 260 | . | ‡aFrankfurt am Main [u.a.] : ‡bCampus-Verl., ‡c2010 | |
| 300 | . | ‡a372 S. ; ‡c22 cm | |
| 490 | 0 | . | ‡aJahrbuch zur Geschichte und Wirkung des Holocaust ‡v2010 |
| 500 | . | ‡aLiteraturangaben und Index | |
| 700 | 1 | . | ‡aWyrwa, Ulrich ‡4com |
| 856 | 4 | 2. | ‡uhttp://d-nb.info/1003246052/04 ‡3Inhaltsverzeichnis |
| 910 | . | ‡aABE340 ‡b6014 | |
| 995 | . | ‡aska | |
| 901 | . | ‡a48515 ‡b ‡c48515 ‡tbiblio | |